000
00323nam a2200145Ia 4500
100
_a
Bhatia/M.L
490
_v
1
942
_c
BK
654
_a
mathematics
245
_a
Engineering Mathematics for F.E
260
_b
Everest publishing house
_a
New Delhi
_c
1985
082
_a
510
_b
BHA
300
_a
192
546
_a
ENGLISH
999
_c
25720
_d
25720